[Event "37 Open Donostia"]
[Site "?"]
[Date "2014.04.18"]
[Round "9.8"]
[White "Gonzalez Pereira, Asier"]
[Black "Tratar, Marko"]
[Result "0-1"]
[WhiteElo "2035"]
[BlackElo "2480"]
[PlyCount "71"]
[EventDate "2014.??.??"]

1. e4 e6 2. d4 d5 3. Nc3 Bb4 4. e5 b6 5. Bd2 Bf8 6. Nf3 Qd7 7. Ne2 Ba6 8. Bc3
c5 9. Qd2 Nc6 10. g3 Nge7 11. Nf4 Bxf1 12. Kxf1 h5 13. h4 Nf5 14. Kg2 g6 15.
Rhe1 Bh6 16. Rad1 Qb7 17. b3 Rc8 18. Kh3 cxd4 19. Bb2 Bxf4 20. gxf4 Qe7 21. a3
Rc7 22. Qd3 O-O 23. Rg1 Rfc8 24. Rg5 Nd8 25. Rd2 Nc6 26. Rd1 Kf8 27. b4 Ke8 28.
Rd2 Qd7 29. Rg1 Nce7 30. Nxd4 Nxd4 31. Bxd4 Nf5 32. Bb2 Rc4 33. Qf3 Rxc2 34.
Rxc2 Rxc2 35. Bc1 Qe7 36. Qd1 0-1

[Event "37 Open Donostia"]
[Site "?"]
[Date "2014.04.18"]
[Round "9.9"]
[White "Argandona Riveiro, Inigo"]
[Black "Nava Pereda, Carlos"]
[Result "1-0"]
[WhiteElo "2414"]
[BlackElo "2285"]
[PlyCount "37"]
[EventDate "2014.??.??"]

1. c4 e6 2. Nc3 d5 3. d4 c6 4. e4 Bb4 5. Bd2 dxc4 6. Bxc4 Qxd4 7. Qe2 b5 8. Bb3
Nf6 9. Rd1 O-O 10. Nf3 Qb6 11. e5 Nd5 12. Bc2 Bxc3 13. Bxh7+ Kh8 14. bxc3 b4
15. cxb4 g6 16. Qe4 Qd8 17. Bg5 f6 18. exf6 Qd6 19. Bxg6 1-0

[Event "37 Open Donostia"]
[Site "?"]
[Date "2014.04.18"]
[Round "9.10"]
[White "Diaz Herrero, Alvaro"]
[Black "Estremera Panos, Sergio"]
[Result "1/2-1/2"]
[WhiteElo "2210"]
[BlackElo "2353"]
[PlyCount "72"]
[EventDate "2014.??.??"]

1. e4 e5 2. Bc4 Nc6 3. d3 Nf6 4. Nc3 Na5 5. Nge2 Nxc4 6. dxc4 Bc5 7. O-O d6 8.
Qd3 Be6 9. b3 O-O 10. Ng3 a6 11. h3 Nd7 12. Be3 Qh4 13. Nf5 Bxf5 14. exf5 Nf6
15. Bxc5 dxc5 16. Rad1 e4 17. Qe3 b6 18. Nd5 Nxd5 19. Rxd5 Rfe8 20. Rfd1 Qf6
21. Qf4 Rac8 22. a4 h6 23. Kh2 a5 24. R1d2 Re7 25. Rd7 Rce8 26. Qxc7 Re5 27. g4
e3 28. fxe3 Rxe3 29. Rd8 Qc3 30. Rxe8+ Rxe8 31. Rd8 Qxc2+ 32. Kg1 Qc1+ 33. Kh2
Qb2+ 34. Kg1 Qc1+ 35. Kh2 Qc2+ 36. Kg1 Qc1+ 1/2-1/2

[Event "37 Open Donostia"]
[Site "?"]
[Date "2014.04.18"]
[Round "9.11"]
[White "Hernandez, Elvis"]
[Black "Navarrete, Espi Samuel"]
[Result "1-0"]
[WhiteElo "2324"]
[BlackElo "2218"]
[PlyCount "61"]
[EventDate "2014.??.??"]

1. e4 e5 2. Nf3 Nc6 3. Bc4 Bc5 4. c3 Nf6 5. d3 a6 6. Bb3 O-O 7. Bg5 h6 8. Bh4
d6 9. h3 Ba7 10. Nbd2 Nb8 11. g4 g5 12. Bg3 Re8 13. Qe2 Nbd7 14. h4 Nh7 15.
hxg5 Nxg5 16. Rxh6 Kg7 17. Bh4 Kxh6 18. Bxg5+ Qxg5 19. Nxg5 Kxg5 20. Nf3+ Kf6
21. Qd2 Ke7 22. O-O-O Nf6 23. g5 Ng4 24. d4 Rd8 25. g6 Be6 26. Bxe6 fxe6 27.
Qg5+ Nf6 28. Nh2 Rg8 29. Ng4 Raf8 30. Rh1 Rg7 31. Rh7 1-0

[Event "37 Open Donostia"]
[Site "?"]
[Date "2014.04.18"]
[Round "9.12"]
[White "Leroy, Didier"]
[Black "Prieto Martin, Alfonso"]
[Result "1-0"]
[WhiteElo "2307"]
[BlackElo "2169"]
[PlyCount "79"]
[EventDate "2014.??.??"]

1. d4 Nf6 2. c4 e6 3. Nf3 b6 4. g3 Ba6 5. Nbd2 Bb4 6. Qb3 c5 7. Bg2 Bb7 8. O-O
Nc6 9. d5 exd5 10. cxd5 Na5 11. Qd3 Bxd5 12. e4 c4 13. Qe2 Be6 14. e5 Nd5 15.
Nxc4 Nf4 16. Nd6+ Bxd6 17. Bxf4 Be7 18. Rfd1 O-O 19. Nd4 Rc8 20. b3 Qc7 21. Qa6
Qb8 22. Nxe6 dxe6 23. Rd7 Rc7 24. Rxc7 Qxc7 25. Rc1 Qd7 26. Bf3 Rd8 27. Kg2 h6
28. h4 Rb8 29. h5 Rd8 30. Rc2 Bb4 31. Be3 Qe7 32. Be4 Qd7 33. Rc1 Qe7 34. Rc8
Rxc8 35. Qxc8+ Qf8 36. Qc7 Qe7 37. Qb8+ Qf8 38. Qxa7 Bc5 39. Bxc5 Qxc5 40. Qb8+
1-0

[Event "37 Open Donostia"]
[Site "?"]
[Date "2014.04.18"]
[Round "9.13"]
[White "Brito Garcia, Alfredo"]
[Black "Troffiguer, Olivier"]
[Result "1-0"]
[WhiteElo "2314"]
[BlackElo "2166"]
[PlyCount "112"]
[EventDate "2014.??.??"]

1. d4 Nf6 2. c4 e6 3. Nf3 b6 4. g3 Ba6 5. Qc2 Bb4+ 6. Bd2 Be7 7. Bg2 Bb7 8. Nc3
d5 9. cxd5 exd5 10. Ne5 O-O 11. O-O c5 12. dxc5 bxc5 13. Qb3 Nc6 14. Qxb7 Nxe5
15. Bf4 Ng6 16. Nxd5 Nxd5 17. Qxd5 Qxd5 18. Bxd5 Rad8 19. Rfd1 Nxf4 20. gxf4
Bf6 21. Rac1 Bd4 22. Bb3 g6 23. Kg2 Bxb2 24. Rxc5 Rxd1 25. Bxd1 Rd8 26. Bb3 Rd7
27. e3 Kg7 28. Kf3 Re7 29. Ke2 Bd4 30. Rb5 Bb6 31. a4 Bc7 32. Kd3 Bd6 33. a5
Rc7 34. Kd4 Kf6 35. a6 Ke7 36. h3 h6 37. Bd5 f6 38. Ke4 Bc5 39. Kd3 Bd6 40. h4
Rc5 41. Rb7+ Rc7 42. Rb1 Bc5 43. Rg1 Kd6 44. Be4 Rg7 45. Bxg6 Kc7 46. Kc4 Kb6
47. Rb1+ Kxa6 48. Kxc5 Rxg6 49. h5 Rg8 50. Kc6 Rc8+ 51. Kd7 Rc5 52. Ke6 Rxh5
53. Kxf6 Rb5 54. Rxb5 Kxb5 55. e4 Kc6 56. e5 Kd5 1-0

[Event "37 Open Donostia"]
[Site "?"]
[Date "2014.04.18"]
[Round "9.14"]
[White "Gacogne, Charlie"]
[Black "Calzetta Ruiz, Monica"]
[Result "0-1"]
[WhiteElo "2048"]
[BlackElo "2208"]
[PlyCount "82"]
[EventDate "2014.??.??"]

1. e4 c5 2. Nc3 Nc6 3. g3 g6 4. Bg2 Bg7 5. Nge2 Rb8 6. d3 b5 7. O-O b4 8. Nd5
e6 9. Ne3 Nge7 10. f4 d5 11. f5 exf5 12. exf5 Bxf5 13. Nxf5 Nxf5 14. Rxf5 gxf5
15. Nf4 Ne7 16. Qe2 O-O 17. Nh3 Rb6 18. Bg5 Re8 19. Rf1 Qd7 20. Qh5 Ng6 21. Bc1
Re5 22. Ng5 h6 23. Nf3 Re2 24. Bh3 Rxc2 25. Bxh6 Bxb2 26. Bxf5 Qe7 27. d4 Re2
28. Bg5 Qe8 29. dxc5 Ra6 30. Bd3 Rxa2 31. Bxe2 Qxe2 32. Qh3 b3 33. c6 Qc2 34.
Bd8 Qxc6 35. Qf5 Qe6 36. Qd3 Ne5 37. Qxb3 Nxf3+ 38. Qxf3 Bd4+ 39. Kh1 Qe4 40.
Bc7 Ra1 41. Kg2 Rxf1 {Qg4+} 0-1

[Event "37 Open Donostia"]
[Site "?"]
[Date "2014.04.18"]
[Round "9.15"]
[White "Segovia, Sanchez Antonio"]
[Black "Silva, Rodriguez Julio"]
[Result "0-1"]
[WhiteElo "2037"]
[BlackElo "2201"]
[PlyCount "70"]
[EventDate "2014.??.??"]

1. d4 Nf6 2. Bf4 d5 3. e3 c5 4. c3 Nc6 5. Nf3 Qb6 6. Qb3 c4 7. Qc2 Bf5 8. Qc1
e6 9. Be2 Be7 10. h3 h6 11. Nbd2 O-O 12. O-O Rfc8 13. Re1 Qd8 14. Bd1 b5 15.
Bc2 Bxc2 16. Qxc2 b4 17. e4 Qa5 18. Ne5 Qb5 19. Re3 a5 20. Rf3 Nd8 21. exd5
exd5 22. Re1 Qb7 23. Qf5 Ne6 24. Nxf7 Nxf4 25. Nxh6+ gxh6 26. Rxf4 Bd8 27. Rg4+
Kf8 28. Qg6 Rc7 29. Rf4 Rf7 30. Qxh6+ Kg8 31. Qg6+ Rg7 32. Re8+ Nxe8 33. Qxe8+
Kh7 34. Rf8 Kh6 35. Rf6+ Bxf6 0-1

[Event "37 Open Donostia"]
[Site "?"]
[Date "2014.04.18"]
[Round "9.16"]
[White "Lopez, de Turiso Jose Angel"]
[Black "Ribera Cebolla, Marc"]
[Result "1/2-1/2"]
[WhiteElo "2179"]
[BlackElo "2045"]
[PlyCount "50"]
[EventDate "2014.??.??"]

1. e4 c5 2. c3 d5 3. exd5 Qxd5 4. d4 Nf6 5. Nf3 Nc6 6. Na3 e6 7. Be2 cxd4 8.
Nb5 Qd8 9. Nbxd4 Nxd4 10. Qxd4 Qxd4 11. Nxd4 Bd7 12. O-O Rc8 13. Bf4 Ne4 14.
Bb5 Bd6 15. Bxd6 Nxd6 16. Bxd7+ Kxd7 17. Rfd1 Ke7 18. Rd3 Rhd8 19. Re1 Rc5 20.
Nb3 Rcc8 21. Nd4 Rc5 22. Nb3 Rcc8 23. Nd4 Ne8 24. Red1 Nf6 25. Nb5 a6 1/2-1/2